[Event "Athens Chess Square op"]
[Site "Athens"]
[Date "2019.01.06"]
[Round "7"]
[White "Kesaris, Evagelos"]
[Black "Kotronias, Vasilios"]
[Result "0-1"]
[WhiteElo "1901"]
[BlackElo "2493"]
[PlyCount "102"]
[EventDate "2019.01.01"]
[EventType "swiss"]
[EventRounds "8"]
[EventCountry "GRE"]
[SourceTitle "CBM 189 Extra"]
[Source "ChessBase"]
[SourceDate "2019.06.03"]
[SourceVersion "1"]
[SourceVersionDate "2019.06.03"]
[SourceQuality "1"]

1. d4 Nf6 2. c4 g6 3. Nc3 Bg7 4. e4 d6 5. f3 0-0 6. Be3 c6 7. Qd2 a6 8. Nge2 b5 9. Nc1 Nbd7 10. Nb3 bxc4 11. Bxc4 a5 12. Rd1 a4 13. Nc1 Qa5 14. 0-0 c5 15. Bb5 Ba6 16. Bxa6 Rxa6 17. Nd3 cxd4 18. Bxd4 Nxe4 19. Nxe4 Bxd4+ 20. Kh1 Qxd2 21. Rxd2 Rb6 22. Rb1 e6 23. g3 d5 24. Nef2 Rc8 25. Kg2 Kg7 26. Kf1 Rb5 27. Ne1 Bxf2 28. Kxf2 Ne5 29. Re2 Nc4 30. Nd3 Rcb8 31. f4 h5 32. Ke1 R8b6 33. Kf2 f6 34. b3 Nd6 35. Rc1 Ne4+ 36. Kg2 axb3 37. Rc7+ Kh6 38. axb3 Rxb3 39. Nc5 Rb2 40. Rxb2 Rxb2+ 41. Kg1 Nxc5 42. Rxc5 Re2 43. Kf1 Rxh2 44. Rc6 f5 45. Rxe6 h4 46. g4 fxg4 47. f5 g3 48. Kg1 Rf2 49. Rxg6+ Kh5 50. Rg8 Rxf5 51. Rd8 Kg4 0-1

[Event "Isthmia op-A 2nd"]
[Site "Korinthos"]
[Date "2012.08.20"]
[Round "4"]
[White "Vafiadis, Kleanthis"]
[Black "Kesaris, Evagelos"]
[Result "1-0"]
[WhiteElo "2317"]
[BlackElo "1886"]
[PlyCount "57"]
[EventDate "2012.08.18"]
[EventType "swiss"]
[EventRounds "9"]
[EventCountry "GRE"]
[SourceTitle "CBM 150 Extra"]
[Source "ChessBase"]
[SourceDate "2012.10.19"]
[SourceVersion "1"]
[SourceVersionDate "2012.10.19"]
[SourceQuality "1"]

1. d4 Nf6 2. c4 e6 3. Nf3 b6 4. Bf4 Bb7 5. e3 Be7 6. h3 0-0 7. Nc3 d5 8. Bd3 c5 9. dxc5 dxc4 10. Bxc4 Bxc5 11. Qe2 Ne4 12. Nxe4 Bxe4 13. 0-0 Qe7 14. Rfd1 Qb7 15. Rac1 h6 16. Kh2 a6 17. Ne5 Qe7 18. Qg4 g5 19. Bxg5 hxg5 20. Qxe4 Ra7 21. f4 f5 22. Qd3 gxf4 23. Ng6 Qg5 24. Bxe6+ Kg7 25. Nxf8 Qg3+ 26. Kh1 f3 27. Qc3+ Kxf8 28. Qf6+ Ke8 29. Qd8# 1-0

[Event "Paleros op"]
[Site "Paleros"]
[Date "2012.06.23"]
[Round "9"]
[White "Kesaris, Evagelos"]
[Black "Nikolaidis, Konstantinos"]
[Result "0-1"]
[WhiteElo "1862"]
[BlackElo "2278"]
[PlyCount "92"]
[EventDate "2012.06.16"]
[EventType "swiss"]
[EventRounds "9"]
[EventCountry "GRE"]
[SourceTitle "CBM 149 Extra"]
[Source "ChessBase"]
[SourceDate "2012.08.24"]
[SourceVersion "1"]
[SourceVersionDate "2012.08.24"]
[SourceQuality "1"]

1. e4 e5 2. Nf3 Nc6 3. Bc4 Bc5 4. c3 Nf6 5. d3 0-0 6. Nbd2 d6 7. Bb3 Ne7 8. h3 Ng6 9. Nf1 d5 10. Qe2 c6 11. Bg5 h6 12. Bd2 dxe4 13. dxe4 Nf4 14. Bxf4 exf4 15. N1d2 Qe7 16. 0-0-0 a5 17. e5 Bf5 18. Rhe1 Rfe8 19. Qf1 Nd5 20. Ne4 Red8 21. Bxd5 cxd5 22. Nxc5 Qxc5 23. Nd4 Bd7 24. e6 fxe6 25. Rxe6 b5 26. Qd3 Bxe6 27. Nxe6 Qxf2 28. Nxd8 Rxd8 29. Qxb5 Qxg2 30. Qxa5 Qg5 31. Qa6 f3+ 32. Kc2 Re8 33. Rd2 Rf8 34. Qe6+ Kh8 35. Rf2 Qh4 36. Qe3 Qxh3 37. a4 Qf5+ 38. Kb3 Qe4 39. Qb6 Qc4+ 40. Ka3 Rf6 41. Qe3 Qe4 42. Qc5 g5 43. a5 g4 44. Qc8+ Kg7 45. a6 Qe6 46. Qb7+ Kg6 0-1

[Event "Paleros op"]
[Site "Paleros"]
[Date "2012.06.19"]
[Round "5"]
[White "Kesaris, Evagelos"]
[Black "Dragomirescu, Angela"]
[Result "0-1"]
[WhiteElo "1862"]
[BlackElo "2270"]
[PlyCount "152"]
[EventDate "2012.06.16"]
[EventType "swiss"]
[EventRounds "9"]
[EventCountry "GRE"]
[SourceTitle "CBM 149 Extra"]
[Source "ChessBase"]
[SourceDate "2012.08.24"]
[SourceVersion "1"]
[SourceVersionDate "2012.08.24"]
[SourceQuality "1"]

1. b3 e5 2. Bb2 Nc6 3. e3 Nf6 4. Bb5 Bd6 5. Ne2 a6 6. Bxc6 dxc6 7. 0-0 Qe7 8. d3 e4 9. dxe4 Nxe4 10. Nd2 Nxd2 11. Qxd2 0-0 12. Qc3 f6 13. Qc4+ Be6 14. Qh4 Rad8 15. e4 Rfe8 16. Rad1 Bc8 17. f3 Bc5+ 18. Kh1 Rxd1 19. Rxd1 Rd8 20. Rd3 Rxd3 21. cxd3 Bd6 22. Qe1 Qf7 23. Qh4 c5 24. f4 Bf8 25. f5 Qe8 26. Nf4 Bd6 27. Nh5 Be5 28. Qg4 Qe7 29. Bxe5 fxe5 30. Qg3 Kh8 31. h3 Bd7 32. f6 gxf6 33. Qh4 Be8 34. Qxf6+ Qxf6 35. Nxf6 Bb5 36. Kg1 Kg7 37. Ng4 Bxd3 38. Nxe5 Bxe4 39. Kf2 Bb1 40. a3 Bc2 41. b4 cxb4 42. axb4 Be4 43. g3 Kf6 44. Nd7+ Ke7 45. Nc5 Bd5 46. Ke3 Kd6 47. Kd4 Bg2 48. h4 h5 49. Ke3 Kc6 50. Ne6 Bh3 51. Nf4 Bg4 52. Kd4 Kb5 53. Kc3 c5 54. bxc5 Kxc5 55. Nd3+ Kb5 56. Ne5 Be6 57. Nd3 a5 58. Nf4 Bg4 59. Kb3 Kc5 60. Ka4 b6 61. Nd3+ Kd4 62. Nf4 Kc4 63. Ng6 Bd1+ 64. Ka3 b5 65. Ne5+ Kc3 66. Ka2 b4 67. Nd7 Bb3+ 68. Ka1 a4 69. Nf6 Bf7 70. g4 hxg4 71. Nxg4 b3 72. h5 Bxh5 73. Ne3 Bf3 74. Nf1 b2+ 75. Ka2 Bd5+ 76. Kb1 Be4+ 0-1

[Event "GRE-chT Div-A 38th"]
[Site "Peristeri"]
[Date "2010.07.05"]
[Round "1"]
[White "Ilandzis, Spyridon"]
[Black "Kesaris, Evagelos"]
[Result "1-0"]
[WhiteElo "2200"]
[BlackElo "1896"]
[PlyCount "117"]
[EventDate "2010.07.05"]
[EventType "team-swiss"]
[EventRounds "7"]
[EventCountry "GRE"]
[SourceTitle "CBM 137 Extra"]
[Source "ChessBase"]
[SourceDate "2010.09.01"]
[SourceVersion "1"]
[SourceVersionDate "2010.09.01"]
[SourceQuality "1"]

1. b3 e5 2. Bb2 d6 3. e3 Nc6 4. c4 g6 5. Nf3 Bg7 6. Be2 Nge7 7. d4 0-0 8. 0-0 h6 9. dxe5 dxe5 10. Nc3 Be6 11. a3 Qxd1 12. Rfxd1 Na5 13. Nd5 Bxd5 14. cxd5 Nxb3 15. Rab1 e4 16. Bxg7 Kxg7 17. Rxb3 exf3 18. Bxf3 Rab8 19. Kf1 Rfd8 20. Rc1 Nxd5 21. Bxd5 Rxd5 22. Rxc7 Ra5 23. Rd3 a6 24. Rdd7 Rf8 25. Rxb7 Rxa3 26. e4 Ra5 27. Ke2 Re5 28. Ke3 Re6 29. f4 h5 30. Rdc7 Ree8 31. Ra7 Ra8 32. Rxf7+ Rxf7 33. Rxa8 Rf6 34. Ra7+ Kf8 35. e5 Rb6 36. g3 h4 37. gxh4 Rb3+ 38. Ke4 Rb4+ 39. Kf3 Rb2 40. h3 Ra2 41. Kg4 Rg2+ 42. Kf3 Ra2 43. h5 gxh5 44. f5 Rh2 45. Kf4 Rxh3 46. Kg5 Rb3 47. Kf6 Rb8 48. Rxa6 h4 49. Ra4 Kg8 50. Rg4+ Kh8 51. e6 Rf8+ 52. Ke5 Ra8 53. Rxh4+ Kg7 54. f6+ Kg6 55. Rg4+ Kh5 56. Rg2 Ra5+ 57. Kd6 Ra6+ 58. Ke7 Ra7+ 59. Kf8 1-0